000 00596cam a2200181 4500500
005 20260405004020.0
041 _afre
042 _adc
100 1 0 _aOrtoli, Sven
_eauthor
245 0 0 _aDavid Le Breton : marcher contre la vie courante
260 _c2017.
500 _a44
690 _aExistentialisme
690 _aMarche
690 _aQuotidien
786 0 _nPhilosophie magazine - Hors séries | Hors-série Été 2017 | HS34 | 2017-07-01 | p. 17-17 | 2104-9246
856 4 1 _uhttps://shs.cairn.info/magazine-philosophie-magazine-2017-hs34-page-17?lang=fr&redirect-ssocas=7080
999 _c2072930
_d2072930